Adams by Picture - Statistics

General Stats
  • This quiz has been taken 24 times
  • The average score is 4 of 9
Answer Stats
Picture Answer % Correct
Adam Sandler
96%
Adam Levine
78%
Adam Driver
70%
Adam West
57%
Adam Silver
48%
Adam Scott
30%
Adam Scott
26%
Adam DeVine
17%
Adam Brody
13%
No matching quizzes found
Score Distribution
Percent of People with Each Score
Percentile by Number Answered
Your Score History
You have not taken this quiz